Movies Quiz

Random Movies or Marvel Quiz

Captain America: Civil War Characters by GIFs Quiz Stats

 Plays Quiz not verified by Sporcle

Challenge
Share
Tweet
Score 0/16 Timer 03:00
0 Plays Today
% Correct
Steve Rogers
99.4%
Tony Stark
98.7%
Vision
92.8%
Bucky Barnes
91.6%
Scott Lang
90%
Clint Barton
89.7%
Peter Parker
89.7%
T'Challa
87.8%
% Correct
Sam Wilson
86.4%
Natasha Romanoff
84.1%
Lieutenant James 'Rhodey' Rhodes
82.7%
Wanda Maximoff
81.7%
Sharon Carter
70.9%
Brock Rumlow
61.6%
Secretary of State Thaddeus 'Thunderbolt' E. Ross
55%
Baron Zemo
52.8%

You're not logged in!

Compare scores with friends on all Sporcle quizzes.
Join for Free
OR
Log In

You Might Also Like...

Show Comments

Extras

Top Quizzes Today


Score Distribution

Your Account Isn't Verified!

In order to create a playlist on Sporcle, you need to verify the email address you used during registration. Go to your Sporcle Settings to finish the process.

Report this User

Report this user for behavior that violates our Community Guidelines.

Details: